El nuevo “pago a cuenta” del impuesto a las ganancias [RG (AFIP) 5248] (Registro nro. 20539)
[ vista simple ]
| 000 -LEADER | |
|---|---|
| fixed length control field | 00357 a2200109 4500 |
| 001 - CONTROL NUMBER | |
| control field | ART_56991 |
| 005 - DATE AND TIME OF LATEST TRANSACTION | |
| control field | 20260410161800.0 |
| 008 - FIXED-LENGTH DATA ELEMENTS--GENERAL INFORMATION | |
| fixed length control field | 260409a |
| 100 1# - MAIN ENTRY--PERSONAL NAME | |
| Personal name | Schwartzman, Daniel M. |
| 245 10 - TITLE STATEMENT | |
| Title | El nuevo “pago a cuenta” del impuesto a las ganancias [RG (AFIP) 5248] |
| 773 0# - HOST ITEM ENTRY | |
| Title | Doctrina tributaria |
| Related parts | - N° 511 (oct. 2022) |
| Record control number | REV4296 |
No hay ítems disponibles.